[Event "OSEM 2019"]
[Site "Oberviechtach"]
[Date "2019.04.15"]
[Round "5.6"]
[White "Schmidt, Oliver"]
[Black "Tassell, Pierre"]
[Result "1/2-1/2"]
[WhiteElo "1780"]
[BlackElo "2026"]
[PlyCount "37"]
[EventDate "2019.??.??"]
[WhiteTeam "SK Schwandorf"]
[BlackTeam "SC Bavaria Regensburg von 1881"]

1. d4 d5 2. c4 e6 3. Nc3 Bb4 4. cxd5 exd5 5. Nf3 Nf6 6. Bg5 h6 7. Bh4 Nbd7 8.
e3 g5 9. Bg3 Ne4 10. Qc2 Nb6 11. Bd3 Bf5 12. O-O Bxc3 13. bxc3 Qe7 14. a4 Nxg3
15. hxg3 Bxd3 16. Qxd3 O-O 17. Nd2 f5 18. c4 dxc4 19. Nxc4 1/2-1/2

[Event "OSEM 2019"]
[Site "Oberviechtach"]
[Date "2019.04.15"]
[Round "6.1"]
[White "Oberhofer, Cédric"]
[Black "Brunner, Tobias"]
[Result "1-0"]
[WhiteElo "2212"]
[BlackElo "1962"]
[PlyCount "65"]
[EventDate "2019.??.??"]
[WhiteTeam "SC Bavaria Regensburg von 1881"]
[BlackTeam "TSV Nittenau"]

1. d4 d5 2. c4 e6 3. Nf3 Nf6 4. g3 Be7 5. Bg2 c6 6. O-O Nbd7 7. b3 O-O 8. Nc3
b6 9. Bb2 Ba6 10. Nd2 Rc8 11. e4 Re8 12. e5 Ne4 13. Ndxe4 dxe4 14. Nxe4 Nf8 15.
h4 c5 16. dxc5 Bxc5 17. Nxc5 Rxc5 18. Qxd8 Rxd8 19. Rfd1 Rcc8 20. Ba3 Ng6 21.
Bd6 Rd7 22. h5 Ne7 23. Ba3 Rcd8 24. Rxd7 Rxd7 25. Bxe7 Rxe7 26. Rd1 f6 27. exf6
gxf6 28. Rd6 Bb7 29. Bxb7 Rxb7 30. Rxe6 Kf7 31. Rd6 Rc7 32. Kg2 Ke7 33. Rd5 1-0

[Event "OSEM 2019"]
[Site "Oberviechtach"]
[Date "2019.04.15"]
[Round "6.2"]
[White "Dvornic, Mladen"]
[Black "Stöckl, Stephan"]
[Result "1-0"]
[WhiteElo "2300"]
[BlackElo "2048"]
[PlyCount "49"]
[EventDate "2019.??.??"]
[WhiteTeam "SK Weiden"]
[BlackTeam "SK Schwandorf"]

1. e4 c5 2. Nf3 e6 3. d4 cxd4 4. Nxd4 Nf6 5. Bd3 Nc6 6. Nxc6 bxc6 7. O-O d5 8.
e5 Nd7 9. Re1 Nc5 10. Bf1 Rb8 11. Nd2 Be7 12. Qg4 O-O 13. Nb3 f5 14. exf6 Rxf6
15. Bg5 Rg6 16. Bxe7 Qxe7 17. Qf4 Rb6 18. Nxc5 Qxc5 19. Qc7 Qf8 20. Qxa7 Rxb2
21. Rab1 Qb4 22. Rxb2 Qxb2 23. Qa8 Qb7 24. Qxb7 Bxb7 25. Rb1 1-0

[Event "OSEM 2019"]
[Site "Oberviechtach"]
[Date "2019.04.15"]
[Round "6.3"]
[White "Uphoff, Lennart"]
[Black "Glaser, Max"]
[Result "1-0"]
[WhiteElo "2156"]
[BlackElo "1930"]
[PlyCount "43"]
[EventDate "2019.??.??"]
[WhiteTeam "FC Mintraching"]
[BlackTeam "SC Furth Waldmünchen"]

1. c4 Nf6 2. g3 g6 3. Bg2 Bg7 4. Nc3 c5 5. Nf3 Nc6 6. d4 cxd4 7. Nxd4 O-O 8.
O-O Ne4 9. Nxe4 Nxd4 10. Bd2 Qc7 11. b3 d6 12. Bc3 Ne6 13. Rc1 Bd7 14. Bxg7
Kxg7 15. Nc3 Bc6 16. Nd5 Qd7 17. Bh3 f5 18. Qd2 Bxd5 19. cxd5 Nc5 20. b4 Ne4
21. Qd4+ Kg8 22. Qxe4 1-0

[Event "OSEM 2019"]
[Site "Oberviechtach"]
[Date "2019.04.15"]
[Round "6.4"]
[White "Tassell, Pierre"]
[Black "Schmahl, Stephan"]
[Result "1/2-1/2"]
[WhiteElo "2026"]
[BlackElo "2103"]
[PlyCount "26"]
[EventDate "2019.??.??"]
[WhiteTeam "SC Bavaria Regensburg von 1881"]
[BlackTeam "SC Bavaria Regensburg von 1881"]

1. d4 Nf6 2. Bg5 c5 3. Nc3 cxd4 4. Qxd4 Nc6 5. Qh4 e6 6. e4 Be7 7. f4 Qb6 8.
O-O-O Qe3+ 9. Kb1 Nxe4 10. Nxe4 Qxe4 11. Nf3 f6 12. f5 Qxh4 13. Bxh4 d5 1/2-1/2

[Event "OSEM 2019"]
[Site "Oberviechtach"]
[Date "2019.04.15"]
[Round "6.5"]
[White "Weiß, Thomas"]
[Black "Oberhofer, Peter"]
[Result "1-0"]
[WhiteElo "1964"]
[BlackElo "1847"]
[PlyCount "51"]
[EventDate "2019.??.??"]
[WhiteTeam "DJK-Regensburg Nord"]
[BlackTeam "SC Bavaria Regensburg von 1881"]

1. e4 c5 2. Nf3 d6 3. d4 cxd4 4. Nxd4 Nf6 5. Nc3 g6 6. Be3 Bg7 7. f3 O-O 8. Qd2
Nc6 9. g4 Be6 10. Nxe6 fxe6 11. Bc4 Qd7 12. O-O-O Ne5 13. Be2 b5 14. Bxb5 Qb7
15. Be2 Rab8 16. b3 d5 17. exd5 Rfd8 18. Bh6 Bh8 19. Qe3 Nxd5 20. Nxd5 Rxd5 21.
Rxd5 Qxd5 22. Rd1 Qa5 23. Kb1 Qa3 24. Qc1 Qb4 25. Qd2 Qa3 26. Qd8+ 1-0

[Event "OSEM 2019"]
[Site "Oberviechtach"]
[Date "2019.04.16"]
[Round "7.1"]
[White "Oberhofer, Peter"]
[Black "Oberhofer, Cédric"]
[Result "0-1"]
[WhiteElo "1847"]
[BlackElo "2212"]
[PlyCount "65"]
[EventDate "2019.??.??"]
[WhiteTeam "SC Bavaria Regensburg von 1881"]
[BlackTeam "SC Bavaria Regensburg von 1881"]

1. d4 Nf6 2. c4 c5 3. d5 e6 4. Nf3 exd5 5. cxd5 d6 6. Nc3 g6 7. g3 Bg7 8. Bg2
O-O 9. O-O Re8 10. Bf4 a6 11. a4 Nh5 12. Bg5 Qc7 13. h3 Nd7 14. g4 Nhf6 15. Bf4
Rb8 16. a5 b5 17. axb6 Nxb6 18. Nd2 h5 19. g5 Nfd7 20. Nde4 Ne5 21. Bh2 Nbd7
22. Ra2 Rb4 23. f4 Nc4 24. Qe1 Ne3 25. f5 Bd4 26. Nxd6 Nxf5+ 27. e3 Rxe3 28.
Nxf5 Rxh3+ 29. Nxd4 Qxh2+ 30. Kf2 Rxd4 31. Ra4 Ne5 32. Rxd4 cxd4 33. Qd2 0-1

[Event "OSEM 2019"]
[Site "Oberviechtach"]
[Date "2019.04.16"]
[Round "7.2"]
[White "Brunner, Tobias"]
[Black "Dvornic, Mladen"]
[Result "1/2-1/2"]
[WhiteElo "1962"]
[BlackElo "2300"]
[PlyCount "71"]
[EventDate "2019.??.??"]
[WhiteTeam "TSV Nittenau"]
[BlackTeam "SK Weiden"]

1. e4 c5 2. Nc3 Nc6 3. a3 g6 4. Bc4 Bg7 5. d3 e6 6. Bf4 d6 7. Nb5 Ne5 8. Nf3 a6
9. Bxe5 dxe5 10. Nc3 Ne7 11. O-O Nc6 12. Ne2 b5 13. Ba2 Bb7 14. Qd2 O-O 15.
Rad1 Rc8 16. Ng5 Qe7 17. Nh3 Rfd8 18. Qg5 Qd6 19. Kh1 a5 20. f3 a4 21. Nf2 b4
22. Ng4 Rc7 23. Nh6+ Kh8 24. f4 f6 25. fxe5 Qxe5 26. Qh4 Qh5 27. Qg3 Ne5 28.
Nf4 Qxh6 29. Nxe6 Rcc8 30. Nxd8 Rxd8 31. axb4 cxb4 32. d4 Qh5 33. Bd5 Ba6 34.
dxe5 Bxf1 35. Rxf1 Qxe5 36. Qxe5 1/2-1/2

[Event "OSEM 2019"]
[Site "Oberviechtach"]
[Date "2019.04.16"]
[Round "7.3"]
[White "Stöckl, Stephan"]
[Black "Uphoff, Lennart"]
[Result "1/2-1/2"]
[WhiteElo "2048"]
[BlackElo "2156"]
[PlyCount "46"]
[EventDate "2019.??.??"]
[WhiteTeam "SK Schwandorf"]
[BlackTeam "FC Mintraching"]

1. Nf3 d5 2. c4 d4 3. b4 c5 4. Bb2 f6 5. e3 e5 6. bxc5 Bxc5 7. g3 Nc6 8. Bg2
Nge7 9. O-O Be6 10. Ba3 Bxa3 11. Nxa3 Qd7 12. Re1 Bh3 13. Nc2 O-O-O 14. Rb1 h5
15. Nb4 h4 16. Nd5 hxg3 17. Nxe7+ Nxe7 18. fxg3 Nf5 19. Nxe5 fxe5 20. Bxb7+
Qxb7 21. Rxb7 Kxb7 22. Qa4 Kc7 23. Qxa7+ Kd6 1/2-1/2

[Event "OSEM 2019"]
[Site "Oberviechtach"]
[Date "2019.04.16"]
[Round "7.4"]
[White "Schmidt, Oliver"]
[Black "Schmahl, Stephan"]
[Result "0-1"]
[WhiteElo "1780"]
[BlackElo "2103"]
[PlyCount "52"]
[EventDate "2019.??.??"]
[WhiteTeam "SK Schwandorf"]
[BlackTeam "SC Bavaria Regensburg von 1881"]

1. d4 Nf6 2. c4 g6 3. Nc3 Bg7 4. e4 d6 5. Be2 O-O 6. h4 c5 7. d5 e6 8. h5 exd5
9. h6 Bh8 10. exd5 Re8 11. Be3 Bf5 12. Kf1 Ne4 13. Nxe4 Bxe4 14. Qc1 Qf6 15.
Nh3 Qxb2 16. Qxb2 Bxb2 17. Re1 Bc3 18. Rc1 Bf6 19. Ng5 Nd7 20. Rh4 Bxg2+ 21.
Kxg2 Bxg5 22. Bxg5 Rxe2 23. Rb1 b6 24. a4 f6 25. Be3 Re8 26. Kf1 Ra2 0-1

[Event "OSEM 2019"]
[Site "Oberviechtach"]
[Date "2019.04.16"]
[Round "7.5"]
[White "Glaser, Max"]
[Black "Weiß, Thomas"]
[Result "1-0"]
[WhiteElo "1930"]
[BlackElo "1964"]
[PlyCount "103"]
[EventDate "2019.??.??"]
[WhiteTeam "SC Furth Waldmünchen"]
[BlackTeam "DJK-Regensburg Nord"]

1. e4 e5 2. Nf3 Nc6 3. Bb5 a6 4. Bxc6 dxc6 5. O-O Bg4 6. h3 h5 7. d3 Qf6 8.
Nbd2 Ne7 9. Re1 Ng6 10. d4 Bd6 11. hxg4 hxg4 12. Nh2 exd4 13. e5 Nxe5 14. Ne4
Qh4 15. Nxd6+ cxd6 16. Bf4 O-O-O 17. Bxe5 dxe5 18. Qxg4+ Qxg4 19. Nxg4 f6 20.
f3 c5 21. b3 b5 22. a4 b4 23. Nf2 Rd5 24. Re2 Kd7 25. Nd3 g5 26. g3 Kc6 27. f4
gxf4 28. gxf4 Rg8+ 29. Kf2 Rh8 30. Rg1 exf4 31. Re6+ Rd6 32. Rxd6+ Kxd6 33.
Nxf4 c4 34. Kf3 Rh2 35. Ne2 Kc5 36. Rg4 a5 37. Nxd4 Rh3+ 38. Ke4 Rc3 39. Rf4
cxb3 40. cxb3 Rh3 41. Rf5+ Kb6 42. Rxf6+ Kb7 43. Kd5 Rc3 44. Rf3 Rc1 45. Rf6
Rc3 46. Rc6 Rh3 47. Kc4 Rh4 48. Rd6 Kc7 49. Kc5 Rh3 50. Rc6+ Kb7 51. Kb5 Rh4
52. Ne6 1-0

[Event "OSEM 2019"]
[Site "Oberviechtach"]
[Date "2019.04.16"]
[Round "7.6"]
[White "Tassell, Pierre"]
[Black "Paar, Johannes"]
[Result "1/2-1/2"]
[WhiteElo "2026"]
[BlackElo "1998"]
[PlyCount "78"]
[EventDate "2019.??.??"]
[WhiteTeam "SC Bavaria Regensburg von 1881"]
[BlackTeam "SK Schwandorf"]

1. d4 Nf6 2. Bg5 e6 3. Nd2 d5 4. e3 Be7 5. Bd3 O-O 6. Ngf3 Nbd7 7. O-O Re8 8.
Ne5 Nf8 9. f4 N6d7 10. Bxe7 Qxe7 11. c3 f6 12. Nxd7 Bxd7 13. Nf3 c5 14. Qe2 a6
15. Rae1 Bb5 16. Bxb5 axb5 17. Qxb5 Rxa2 18. Ra1 Rxa1 19. Rxa1 c4 20. Re1 Qd7
21. Qb4 Qc6 22. Ra1 Kf7 23. Ra7 Rb8 24. Nd2 Nd7 25. b3 Nb6 26. bxc4 Nxc4 27.
Nxc4 Qxc4 28. Qxc4 dxc4 29. e4 Ke7 30. g4 Kd6 31. Kf2 Kc6 32. Ke3 h5 33. f5 e5
34. d5+ Kb6 35. Ra4 Kc5 36. h3 hxg4 37. hxg4 Rh8 38. Ra7 Rh3+ 39. Kd2 Rh2+
1/2-1/2

[Event "OSEM 2019"]
[Site "Oberviechtach"]
[Date "2019.04.16"]
[Round "8.1"]
[White "Oberhofer, Cédric"]
[Black "Glaser, Max"]
[Result "1/2-1/2"]
[WhiteElo "2212"]
[BlackElo "1930"]
[PlyCount "96"]
[EventDate "2019.??.??"]
[WhiteTeam "SC Bavaria Regensburg von 1881"]
[BlackTeam "SC Furth Waldmünchen"]

1. d4 Nf6 2. c4 e6 3. Nf3 b6 4. g3 Bb7 5. Bg2 Be7 6. O-O O-O 7. Nc3 Ne4 8. Qc2
Nxc3 9. Qxc3 f5 10. Rd1 Bf6 11. Bf4 d6 12. Qd2 a5 13. Rac1 Qe7 14. b3 Nd7 15.
a3 Be4 16. h4 Rfd8 17. Bg5 h6 18. Bxf6 Nxf6 19. Qb2 Rdb8 20. Nd2 Bxg2 21. Kxg2
Qe8 22. Qc3 Qd7 23. Re1 Rf8 24. Qd3 Rae8 25. e4 Nxe4 26. Nxe4 fxe4 27. Qxe4 Qf7
28. f4 e5 29. dxe5 dxe5 30. Qd5 exf4 31. Qxf7+ Kxf7 32. gxf4 Kf6 33. c5 Rxe1
34. Rxe1 Rd8 35. cxb6 cxb6 36. Re3 Rd6 37. Kf3 g5 38. fxg5+ hxg5 39. hxg5+ Kxg5
40. Ke4 Kf6 41. Rh3 Ke6 42. Rh5 Kd7 43. Rd5 Kc6 44. Rxd6+ Kxd6 45. Kd4 Kc6 46.
Kc4 b5+ 47. Kd4 a4 48. bxa4 bxa4 1/2-1/2

[Event "OSEM 2019"]
[Site "Oberviechtach"]
[Date "2019.04.16"]
[Round "8.2"]
[White "Schmahl, Stephan"]
[Black "Brunner, Tobias"]
[Result "0-1"]
[WhiteElo "2103"]
[BlackElo "1962"]
[PlyCount "66"]
[EventDate "2019.??.??"]
[WhiteTeam "SC Bavaria Regensburg von 1881"]
[BlackTeam "TSV Nittenau"]

1. d4 d5 2. c4 e6 3. Nc3 Nf6 4. Bg5 Be7 5. cxd5 exd5 6. e3 c6 7. Bd3 Nbd7 8.
Qc2 O-O 9. Nf3 Re8 10. O-O Nf8 11. h3 Ng6 12. Bxf6 Bxf6 13. b4 Qd6 14. Rab1 Bd8
15. Rfc1 Qf6 16. Qd1 Nh4 17. Nxh4 Qxh4 18. b5 Re6 19. bxc6 bxc6 20. Rc2 Rf6 21.
f4 Ba5 22. Qf3 h5 23. Nxd5 Rd6 24. Rxc6 Rxc6 25. Ne7+ Qxe7 26. Qxc6 Qxe3+ 27.
Kh2 Qxd3 28. Rb3 Qxd4 29. Qxa8 Qxf4+ 30. g3 Qf2+ 31. Kh1 Qf1+ 32. Kh2 Qxh3+ 33.
Kg1 Bb6+ 0-1

[Event "OSEM 2019"]
[Site "Oberviechtach"]
[Date "2019.04.16"]
[Round "8.3"]
[White "Uphoff, Lennart"]
[Black "Paar, Johannes"]
[Result "0-1"]
[WhiteElo "2156"]
[BlackElo "1998"]
[PlyCount "186"]
[EventDate "2019.??.??"]
[WhiteTeam "FC Mintraching"]
[BlackTeam "SK Schwandorf"]

1. d4 Nf6 2. c4 e6 3. Nc3 Bb4 4. e3 O-O 5. Bd3 Bxc3+ 6. bxc3 d5 7. Nf3 dxc4 8.
Bxc4 c5 9. O-O Qc7 10. Qe2 Nbd7 11. e4 cxd4 12. e5 Nd5 13. cxd4 N7b6 14. Bd3 g6
15. Ba3 Re8 16. Rac1 Qd8 17. Qd2 Kg7 18. Rc2 h6 19. h4 Bd7 20. g3 Bc6 21. Nh2
Rh8 22. Rxc6 bxc6 23. Ng4 h5 24. Nh2 Ne7 25. Nf3 Nf5 26. Bxf5 Nc4 27. Qd3 Nxa3
28. Bxg6 fxg6 29. Qxa3 Qf8 30. Qc3 Rc8 31. Ng5 Qe7 32. Qc4 Rhe8 33. Rb1 Rc7 34.
Rb3 c5 35. dxc5 Qxc5 36. Nxe6+ Rxe6 37. Qxe6 Rf7 38. Re3 Qc2 39. Qxf7+ Kxf7 40.
e6+ Ke7 41. a3 Qd1+ 42. Kg2 Qd5+ 43. Kg1 Qc6 44. Re1 Qc5 45. Re3 g5 46. hxg5
Qxg5 47. Kh2 Qg4 48. Kh1 Qh3+ 49. Kg1 a6 50. Re4 Qf5 51. Re3 Qb1+ 52. Kg2 Qb2
53. Kg1 Qd2 54. Kg2 Qd1 55. Re5 Qg4 56. Re3 a5 57. Kf1 a4 58. Re1 Qf3 59. Re3
Qd1+ 60. Kg2 Qc1 61. Kf3 Qf1 62. Re4 Qh1+ 63. Kf4 Qc1+ 64. Re3 Qd1 65. f3 Qc1
66. Ke4 Kxe6 67. f4 Qf1 68. Kd4+ Kd6 69. Rd3 Kc6 70. Rc3+ Kb6 71. Rd3 Qe2 72.
Re3 Qf2 73. Ke4 Kc5 74. Rc3+ Kd6 75. Rd3+ Ke6 76. Rc3 Qg2+ 77. Kd4 Qb2 78. Kc4
Kf5 79. Kd4 Kg4 80. Kc4 Qb6 81. Rd3 Kh3 82. Rc3 Kg2 83. Rd3 Kf2 84. Rc3 Ke2 85.
f5 Qa6+ 86. Kb4 Kd2 87. Rc5 Qb6+ 88. Rb5 Qd6+ 89. Kxa4 Qxg3 90. Rb2+ Kc1 91.
Rb3 Qf4+ 92. Ka5 Qxf5+ 93. Rb5 Qf3 0-1

[Event "OSEM 2019"]
[Site "Oberviechtach"]
[Date "2019.04.16"]
[Round "8.4"]
[White "Dvornic, Mladen"]
[Black "Weiß, Thomas"]
[Result "1-0"]
[WhiteElo "2300"]
[BlackElo "1964"]
[PlyCount "83"]
[EventDate "2019.??.??"]
[WhiteTeam "SK Weiden"]
[BlackTeam "DJK-Regensburg Nord"]

1. d4 Nf6 2. c4 e6 3. Nf3 d5 4. Nc3 dxc4 5. e4 Bb4 6. Bg5 c5 7. Bxc4 Qa5 8.
Bxf6 Bxc3+ 9. bxc3 Qxc3+ 10. Nd2 gxf6 11. dxc5 Bd7 12. O-O Bc6 13. Rc1 Qe5 14.
Re1 Nd7 15. Bd5 Qc7 16. Nf3 Ne5 17. Nxe5 fxe5 18. Bxc6+ Qxc6 19. Qh5 Qc7 20.
Red1 Rd8 21. Qg5 Rc8 22. h4 Rf8 23. Qf6 Qe7 24. Qxe5 Qxh4 25. Qd4 Rd8 26. Qa4+
Ke7 27. Qb4 Qh5 28. Qxb7+ Kf6 29. Rxd8 Rxd8 30. Qb3 Qe2 31. c6 Rd2 32. Qc3+ e5
33. Qg3 Rd1+ 34. Rxd1 Qxd1+ 35. Kh2 Qh5+ 36. Qh3 Qxh3+ 37. Kxh3 Ke6 38. Kg4 h5+
39. Kxh5 Kd6 40. Kg5 Kxc6 41. Kf6 Kb5 42. g4 1-0

[Event "OSEM 2019"]
[Site "Oberviechtach"]
[Date "2019.04.16"]
[Round "8.6"]
[White "Oberhofer, Peter"]
[Black "Tassell, Pierre"]
[Result "1/2-1/2"]
[WhiteElo "1847"]
[BlackElo "2026"]
[PlyCount "65"]
[EventDate "2019.??.??"]
[WhiteTeam "SC Bavaria Regensburg von 1881"]
[BlackTeam "SC Bavaria Regensburg von 1881"]

1. d4 d5 2. c4 e6 3. Nf3 Nf6 4. g3 Bb4+ 5. Bd2 Bd6 6. Bg2 c6 7. b3 O-O 8. O-O
Nbd7 9. e3 Ne4 10. Nc3 f5 11. Ne1 Qe7 12. f3 Nxd2 13. Qxd2 dxc4 14. bxc4 e5 15.
Nd3 Nf6 16. c5 Bc7 17. f4 e4 18. Ne5 Be6 19. Rfb1 Ba5 20. Qb2 Qc7 21. Bf1 b6
22. Bc4 Bxc4 23. Nxc4 Bxc3 24. Qxc3 b5 25. Qa5 Rac8 26. Qxc7 Rxc7 27. Na5 Nd5
28. Rb3 Rf6 29. a4 b4 30. Nc4 Rf8 31. a5 Rf6 32. a6 Rf8 33. Ra5 1/2-1/2

[Event "OSEM 2019"]
[Site "Oberviechtach"]
[Date "2019.04.13"]
[Round "1.1"]
[White "Blodig, Martin"]
[Black "Baumer, Johannes"]
[Result "1-0"]
[WhiteElo "1841"]
[BlackElo "1734"]
[PlyCount "67"]
[EventDate "2019.??.??"]
[WhiteTeam "SK Kelheim"]
[BlackTeam "SV OVI"]

1. e4 e5 2. Nf3 d6 3. d4 exd4 4. Nxd4 Nf6 5. Nc3 Be7 6. Bc4 Nc6 7. O-O Nxd4 8.
Qxd4 Be6 9. Nd5 Bxd5 10. exd5 O-O 11. Bd3 Qd7 12. Re1 Rfe8 13. Bd2 Qg4 14. Qxg4
Nxg4 15. Bb5 Kf8 16. Bxe8 Rxe8 17. Bc3 Bf6 18. Bxf6 Nxf6 19. Rxe8+ Kxe8 20. c4
Kd7 21. f4 Ne4 22. g4 g6 23. g5 a5 24. Re1 Nd2 25. Rc1 Nf3+ 26. Kf2 Nd4 27. Rc3
c5 28. Rh3 b5 29. Rxh7 Ke7 30. b3 a4 31. bxa4 bxa4 32. Rh3 Nb3 33. axb3 a3 34.
Re3+ 1-0

[Event "OSEM 2019"]
[Site "Oberviechtach"]
[Date "2019.04.13"]
[Round "1.2"]
[White "Anton, Claudiu-George"]
[Black "Hadzhimustafa, Erkan"]
[Result "0-1"]
[WhiteElo "1722"]
[BlackElo "1879"]
[PlyCount "96"]
[EventDate "2019.??.??"]
[WhiteTeam "TV Parsberg"]
[BlackTeam "SC Bavaria Regensburg von 1881"]

1. d4 Nf6 2. e3 e6 3. Bd3 d5 4. f4 Bd6 5. Nf3 O-O 6. O-O c5 7. c3 Nbd7 8. Nbd2
b6 9. Qe2 Bb7 10. Ne5 Ne4 11. Nxe4 dxe4 12. Bc2 a5 13. Nxd7 Qxd7 14. Qh5 f5 15.
Bd2 cxd4 16. cxd4 Ba6 17. Rf2 Rac8 18. Bc3 Bc4 19. Bb3 Bxb3 20. axb3 Rf6 21.
Rd2 Qe7 22. Qh4 Qf7 23. Rad1 Rh6 24. Qf2 g5 25. d5 Qh5 26. g3 gxf4 27. exf4
Rxc3 28. bxc3 Bc5 29. Rd4 e3 30. Qxe3 Qxd1+ 31. Rxd1 Bxe3+ 32. Kg2 exd5 33.
Rxd5 Rf6 34. b4 a4 35. c4 a3 36. Rd1 Rc6 37. Kf3 Rxc4 38. Kxe3 Rxb4 39. Ra1 Ra4
40. Kd3 Kf7 41. Kc3 h5 42. Kb3 Ra6 43. Kb4 Ra5 44. h3 Ke6 45. Kc4 a2 46. Kb3
Kd5 47. Kb2 Ke4 48. g4 fxg4 0-1

[Event "OSEM 2019"]
[Site "Oberviechtach"]
[Date "2019.04.13"]
[Round "1.3"]
[White "Nöckler, Alexander"]
[Black "Fröhlich, Manuel"]
[Result "1-0"]
[WhiteElo "1891"]
[BlackElo "1652"]
[PlyCount "79"]
[EventDate "2019.??.??"]
[WhiteTeam "SK Weiden"]
[BlackTeam "SV OVI"]

1. c4 c5 2. Nc3 Nf6 3. g3 Nc6 4. Bg2 e6 5. e4 d6 6. Nge2 Be7 7. O-O O-O 8. d4
cxd4 9. Nxd4 a6 10. Be3 Bd7 11. h3 Rb8 12. a3 Qc7 13. Rc1 Nxd4 14. Qxd4 Bc6 15.
b4 Qd7 16. Rfd1 b5 17. cxb5 Bxb5 18. Nxb5 Qxb5 19. Rc7 Bd8 20. Rc3 Ne8 21. Qd2
a5 22. Bf1 Qb7 23. b5 Qxe4 24. Ba7 Qb7 25. Bxb8 Qxb8 26. a4 d5 27. Rdc1 Nd6 28.
Rc6 Ne4 29. Qe3 f5 30. f4 d4 31. Qb3 Bb6 32. Qxe6+ Kh8 33. Rxb6 Qd8 34. Rbc6
Nc3 35. Rd6 Qa8 36. Bg2 Qa7 37. b6 Qa6 38. Bf1 Qc8 39. Qxc8 Rxc8 40. b7 1-0

[Event "OSEM 2019"]
[Site "Oberviechtach"]
[Date "2019.04.13"]
[Round "1.4"]
[White "Baumüller, Steffen"]
[Black "Ott, Ian"]
[Result "0-1"]
[WhiteElo "1690"]
[BlackElo "1818"]
[PlyCount "116"]
[EventDate "2019.??.??"]
[WhiteTeam "DJK Amberg"]
[BlackTeam "SC Bavaria Regensburg von 1881"]

1. d4 Nf6 2. c4 g6 3. Nc3 Bg7 4. e4 d6 5. f3 O-O 6. Nge2 c5 7. d5 Na6 8. Ng3 h5
9. Bg5 Nc7 10. Be2 a6 11. O-O Nh7 12. Be3 Bd7 13. a4 Rb8 14. a5 b5 15. axb6
Rxb6 16. Qc2 Qb8 17. Rfb1 Qb7 18. b3 Rb8 19. Ra3 a5 20. Bd1 Ra8 21. Na4 Bxa4
22. Rxa4 Rb4 23. Qa2 Rxa4 24. bxa4 Qa7 25. Bd2 Bd4+ 26. Kh1 Nf8 27. Ne2 Bf6 28.
Nc3 Na6 29. Nb5 Qb6 30. Qb3 Nb4 31. f4 Qd8 32. Qg3 Kh8 33. e5 Bg7 34. Bc3 Qd7
35. Rb2 Rd8 36. Bc2 Nxc2 37. Rxc2 Qf5 38. Rb2 dxe5 39. h3 Qxf4 40. Qxf4 exf4
41. Bxg7+ Kxg7 42. Nc3 Nd7 43. Rb5 Rb8 44. Rxa5 Rb4 45. Ra7 Rxc4 46. Rxd7 Rxc3
47. Rxe7 Rd3 48. Re4 f3 49. gxf3 Rxf3 50. Rc4 Rxh3+ 51. Kg2 Ra3 52. a5 Rxa5 53.
Kf3 f5 54. Kf4 Kf6 55. Rc1 g5+ 56. Kf3 Ke5 57. Rd1 Ra3+ 58. Kf2 Kd6 0-1

[Event "OSEM 2019"]
[Site "Oberviechtach"]
[Date "2019.04.13"]
[Round "1.5"]
[White "Sanner, Christoph"]
[Black "Wetzler, Sophia"]
[Result "1-0"]
[WhiteElo "1860"]
[BlackElo "1682"]
[PlyCount "114"]
[EventDate "2019.??.??"]
[WhiteTeam "SK Weiden"]
[BlackTeam "SC Bavaria Regensburg von 1881"]

1. f4 Nc6 2. Nf3 d6 3. e4 e5 4. d4 Bg4 5. c3 Bxf3 6. Qxf3 exd4 7. Bb5 dxc3 8.
e5 d5 9. Nxc3 a6 10. Ba4 Nge7 11. O-O Qd7 12. Rd1 O-O-O 13. Bb3 d4 14. Bxf7 Qf5
15. Bh5 Kb8 16. Ne4 Ng6 17. Bg4 Qf7 18. Ng5 Qd5 19. Ne6 Qxf3 20. Bxf3 Re8 21.
Nxf8 Rhxf8 22. Bxc6 bxc6 23. Rxd4 Re7 24. Bd2 Ref7 25. g3 Ne7 26. Bb4 Nf5 27.
Rd3 Re8 28. Re1 Kc8 29. Kg2 Ne7 30. Bxe7 Rfxe7 31. Re4 Rd7 32. Red4 Rde7 33.
Rc4 Rd7 34. Rxd7 Kxd7 35. Kf3 Rb8 36. b3 Re8 37. Ke4 g6 38. g4 Rg8 39. h3 h5
40. gxh5 gxh5 41. f5 Rg1 42. e6+ Ke7 43. Ke5 Re1+ 44. Re4 Rg1 45. Rh4 Re1+ 46.
Kd4 Rd1+ 47. Kc4 Rc1+ 48. Kb4 a5+ 49. Ka4 Rc2 50. a3 c5 51. Kxa5 Rc3 52. Ka4 c6
53. Rxh5 Rd3 54. Rh7+ Kf6 55. Rf7+ Ke5 56. e7 Rd4+ 57. b4 cxb4 1-0

[Event "OSEM 2019"]
[Site "Oberviechtach"]
[Date "2019.04.13"]
[Round "1.6"]
[White "Gleis, Wolfgang"]
[Black "Moroz, Grigorij"]
[Result "*"]
[WhiteElo "1586"]
[BlackElo "1924"]
[PlyCount "93"]
[EventDate "2019.??.??"]
[WhiteTeam "SF Tegernheim"]
[BlackTeam "SK Weiden"]

1. d4 Nf6 2. Nf3 d5 3. Bg5 e6 4. e3 c5 5. c3 Nc6 6. Bd3 Be7 7. Nbd2 b6 8. O-O
O-O 9. Ne5 Nxe5 10. dxe5 Nd7 11. Bxe7 Qxe7 12. f4 f6 13. exf6 Rxf6 14. g4 g6
15. Qf3 Bb7 16. Qg3 Raf8 17. Rae1 e5 18. Bb5 e4 19. Qh3 Nb8 20. Be2 Nc6 21. g5
R6f7 22. Bg4 Nd8 23. Rf2 d4 24. Qg3 d3 25. h4 Ne6 26. Nc4 Ng7 27. Ne5 Nf5 28.
Bxf5 Rxf5 29. Ng4 Kg7 30. h5 Bc8 31. Rh2 Rd5 32. hxg6 hxg6 33. Qh3 Kf7 34. Qh7+
Ke8 35. Qxg6+ Kd8 36. Rh7 Qe6 37. Qxe6 Bxe6 38. Nf2 Bf5 39. Rxa7 d2 40. Rd1 Rh8
41. Ra8+ Bc8 42. Nxe4 Re8 43. Rxd2 Rxd2 44. Nxd2 Rxe3 45. Nc4 Re6 46. f5 Rc6
47. f6 *

[Event "OSEM 2019"]
[Site "Oberviechtach"]
[Date "2019.04.13"]
[Round "1.7"]
[White "Landstorfer, Raphael"]
[Black "Kaltschmidt, Andreas"]
[Result "1-0"]
[WhiteElo "1863"]
[BlackElo "1670"]
[PlyCount "109"]
[EventDate "2019.??.??"]
[WhiteTeam "TSV Kareth-Lappersdorf"]
[BlackTeam "SK Weiden"]

1. e4 e5 2. Nf3 Nf6 3. Nxe5 d6 4. Nf3 Nxe4 5. Nc3 Nxc3 6. dxc3 Be7 7. Be3 Nc6
8. Qd2 Be6 9. O-O-O a6 10. Ng5 Qd7 11. Nxe6 Qxe6 12. Kb1 O-O-O 13. g3 Bf6 14.
h4 Kb8 15. Bg2 Qd7 16. Bh3 Qe8 17. Rhe1 Ne5 18. Qd4 Nc6 19. Qd5 Qf8 20. Bg2 Re8
21. Qb3 Nd8 22. f4 g6 23. Rd5 Nc6 24. Rf5 Rxe3 25. Rxe3 gxf5 26. Bxc6 Qc8 27.
Bd5 Rf8 28. Bxf7 Qd7 29. Bh5 c6 30. Qe6 Qxe6 31. Rxe6 Kc7 32. Kc1 Kd7 33. Re3
Rg8 34. Bf7 Rf8 35. Be6+ Kd8 36. Bxf5 Bxh4 37. Bxh7 Bxg3 38. Rxg3 Rxf4 39. Kd2
Rh4 40. Rg7 Kc8 41. Bf5+ Kb8 42. b3 Rf4 43. Bd3 Rf8 44. a4 Kc8 45. a5 Rd8 46.
Bh7 Rf8 47. Rg8 Rxg8 48. Bxg8 Kd7 49. Kd3 Ke7 50. Kd4 Kf6 51. Bh7 Kg5 52. Be4
Kf4 53. b4 Kg5 54. b5 axb5 55. Bxc6 1-0

[Event "OSEM 2019"]
[Site "Oberviechtach"]
[Date "2019.04.13"]
[Round "1.8"]
[White "Askri, Samir"]
[Black "Achhammer, Thomas"]
[Result "0-1"]
[WhiteElo "1712"]
[BlackElo "1860"]
[PlyCount "58"]
[EventDate "2019.??.??"]
[WhiteTeam "DJK Amberg"]
[BlackTeam "FC Mintraching"]

1. d4 Nf6 2. c4 e5 3. dxe5 Ng4 4. Nf3 Bc5 5. e3 Nc6 6. Be2 Ngxe5 7. O-O O-O 8.
a3 a5 9. Nc3 Nxf3+ 10. Bxf3 Ne5 11. Be2 Ra6 12. Qc2 Rg6 13. Ne4 d6 14. Rd1 Bf5
15. f4 Ng4 16. Bxg4 Bxg4 17. Rd5 Bf3 18. Rg5 Bxe4 19. Qxe4 Re8 20. Qxb7 Rxg5
21. fxg5 Qxg5 22. Qc6 Bxe3+ 23. Bxe3 Qxe3+ 24. Kf1 Qe2+ 25. Kg1 Qe3+ 26. Kf1 g5
27. Qb5 Re5 28. Qb8+ Kg7 29. h3 Rf5# 0-1

[Event "OSEM 2019"]
[Site "Oberviechtach"]
[Date "2019.04.13"]
[Round "1.9"]
[White "Horther-Schneider, Elsbeth"]
[Black "Vinogradov, Anatoli"]
[Result "0-1"]
[WhiteElo "1851"]
[BlackElo "1782"]
[PlyCount "62"]
[EventDate "2019.??.??"]
[WhiteTeam "SC Windischeschenbach"]
[BlackTeam "DJK Amberg"]

1. e4 e6 2. d4 d5 3. exd5 exd5 4. Nf3 Bd6 5. Bd3 Nc6 6. O-O Bg4 7. Re1+ Nge7 8.
c3 Qd7 9. Na3 a6 10. Nc2 O-O-O 11. Ne3 Bh5 12. b4 f6 13. a4 Nxb4 14. cxb4 Bxb4
15. Rf1 Bc3 16. Rb1 Bxd4 17. Bxa6 bxa6 18. Qxd4 Qd6 19. g4 Bg6 20. Rb3 Nc6 21.
Qd1 h5 22. Nd4 Nxd4 23. Qxd4 c5 24. Rc3 c4 25. Nxc4 dxc4 26. Qxc4+ Kb7 27. Bf4
Qd7 28. Qb4+ Ka8 29. Rc7 Qxg4+ 30. Kh1 Qf3+ 31. Kg1 Be4 0-1